000 00780nam a22002057a 4500
001 112734
003 DR-UNIBE
005 20250730095935.0
008 250428b2017 dr ||||| |||| 00| 0 spa d
020 _a9789945585292
040 _aBIBLIOTECA UNIBE
_cBIBLIOTECA UNIBE
_bspa
_erda
041 _aspa
082 _aF-RD 5997
100 1 _aGermán Mejía, Mariano
_eautor
_9194769
245 1 0 _aDiscurso pronunciado por el Dr. Mariano Germán Mejía Presidente del Poder Judicial en ocasión de la conmemoración del día del Poder Judicial :
_b audiencia solemne 7 de enero de 2019 /
_cMariano Germán Mejía
260 _aSanto Domingo :
_bPoder Judicial,
_c2019
300 _a61 páginas
650 7 _2lemb
_aPoder Judicial
_zRepública Dominicana
_9180755
942 _2ddc
_cMX
999 _c113490
_d113490